000 00585nam a2200193Ia 4500
003 GCL
008 140319s9999 xx 000 0 ara d
040 _aGCL /
_cGCL
082 0 4 _a956.904
_bخ ا
100 1 _aخالد عابد
245 1 0 _aالانتفاضة الثورية فى فلسطين الابعاد الداخلية /
_cخالد عابد
700 1 _aخالد عايد
300 _a131 ص
490 _a
650 0 4 _aالنزاع العربى الاسرائيلى
650 0 4 _aفلسطين
650 0 4 _aالانتفاضة الفلسطينية
942 _2ddc
_cBK
999 _c46529
_d46529